ARRUPE JESUIT UNIVERSITY

CORONAVIRUS -STOP THE SPREAD - CLEAN,DISINFECT,COVER

The soul of the nations, (Record no. 1301)

MARC details
000 -LEADER
fixed length control field 00770cam a22002411 4500
001 - CONTROL NUMBER
control field 7957758
005 - DATE AND TIME OF LATEST TRANSACTION
control field 20170731100845.0
008 - FIXED-LENGTH DATA ELEMENTS--GENERAL INFORMATION
fixed length control field 740715s1960 xx 100 0 eng
010 ## - LIBRARY OF CONGRESS CONTROL NUMBER
LC control number 60011981
035 ## - SYSTEM CONTROL NUMBER
System control number (OCoLC)946178
040 ## - CATALOGING SOURCE
Original cataloging agency DLC
Transcribing agency TxU-Da
Modifying agency DLC
042 ## - AUTHENTICATION CODE
Authentication code premarc
050 00 - LIBRARY OF CONGRESS CALL NUMBER
Classification number B821.A1
Item number I5 1958af
082 ## - DEWEY DECIMAL CLASSIFICATION NUMBER
Classification number 144
111 2# - MAIN ENTRY--MEETING NAME
Meeting name or jurisdiction name as entry element International Congress of Universal Christian Humanism
Date of meeting (1958 :
Location of meeting Brussels)
9 (RLIN) 33924
245 14 - TITLE STATEMENT
Title The soul of the nations,
Remainder of title addresses.
260 ## - PUBLICATION, DISTRIBUTION, ETC. (IMPRINT)
Place of publication, distribution, etc Milwaukee,
Name of publisher, distributor, etc Bruce Pub. Co.
Date of publication, distribution, etc [1960]
300 ## - PHYSICAL DESCRIPTION
Extent v, 166 p.
Other physical details ports.
Dimensions 23 cm.
650 #0 - SUBJECT ADDED ENTRY--TOPICAL TERM
Topical term or geographic name as entry element Humanism
Form subdivision Congresses.
9 (RLIN) 33925
906 ## - LOCAL DATA ELEMENT F, LDF (RLIN)
a 7
b cbc
c oclcrpl
d u
e ncip
f 19
g y-gencatlg
942 ## - ADDED ENTRY ELEMENTS (KOHA)
Source of classification or shelving scheme Library of Congress Classification
Item type Monograph ( Printed materials)
Holdings
Withdrawn status Lost status Source of classification or shelving scheme Damaged status Not for loan Collection code Home library Current library Shelving location Date acquired Total Checkouts Full call number Barcode Date last seen Copy number Price effective from Koha item type
    Library of Congress Classification     Main Collection ARRUPE LIBRARY ARRUPE LIBRARY   27/02/2013   B821.A1.I5 1958 46402157 27/02/2013 1 27/02/2013 Monograph ( Printed materials)

 

Arrupe Library. PO Box MP320 Mt Pleasant, Harare, Zimbabwe
263 242 745411|librarian@aju.ac.zw